00838 a2200229 450000500170000000800410001702000150005804000500007304100080012310000210013124501250015226000450027730000420032249000180036465000350038265000360041765000360045365000310048970000320052070000340055270000220058620180312141944.0131003b sp a br|||| 00| 0 spa d a8480554215 aCO-BoUCMbspacJose A. GerenadJose A. Gerena00aspa aBarros, Virginia00aZulema, la ciudad suciactextos de Virginia Barros, Esther de la Paz ; ilustraciones de Luis M. Bilbao, Alfonso Cerdán bCulturalaMadrid (España)c[sin fecha] a[16] páginasbilustraciones a color aDivertiletras 7aLibros y lectura para niños  7aLiteratura infantil española  7aCuentos ilustrados para niños 7aAnimales en la literatura 1 aBilbao, Luis M.eilustrador1 aCerdán, Alfonsoeilustrador1 aPaz, Esther de la